Raiders Players With 1000 Scrimmage Yards - Statistics

General Stats
  • This quiz has been taken 28 times
  • The average score is 32 of 84
Answer Stats
Position (Year) Yards Player % Correct
RB (2022) 2,053 Josh Jacobs
85%
RB (2019) 1,316 Josh Jacobs
85%
RB (2020) 1,303 Josh Jacobs
85%
RB (2021) 1,220 Josh Jacobs
85%
RB (2023) 1,101 Josh Jacobs
85%
RB (1989) 1,019 Bo Jackson
78%
RB (1985) 2,314 Marcus Allen
78%
RB (1984) 1,926 Marcus Allen
78%
RB (1983) 1,604 Marcus Allen
78%
RB (1986) 1,212 Marcus Allen
78%
RB (1987) 1,164 Marcus Allen
78%
RB (1988) 1,134 Marcus Allen
78%
RB (1982) 1,098 Marcus Allen
78%
WR (1997) 1,427 Tim Brown
74%
WR (1999) 1,348 Tim Brown
74%
WR (1995) 1,342 Tim Brown
74%
WR (1994) 1,309 Tim Brown
74%
WR (2001) 1,204 Tim Brown
74%
WR (1993) 1,187 Tim Brown
74%
WR (2000) 1,140 Tim Brown
74%
WR (1996) 1,139 Tim Brown
74%
WR (1998) 1,005 Tim Brown
74%
WR (2022) 1,515 Davante Adams
67%
WR (2023) 1,144 Davante Adams
67%
WR (2002) 1,231 Jerry Rice
67%
WR (2001) 1,139 Jerry Rice
67%
TE (2020) 1,196 Darren Waller
56%
TE (2019) 1,150 Darren Waller
56%
TE (2024) 1,207 Brock Bowers
52%
WR (2016) 1,153 Amari Cooper
48%
RB (2015) 1,067 Amari Cooper
48%
RB (2010) 1,664 Darren McFadden
44%
WR (2016) 1,003 Michael Crabtree
44%
WR (2021) 1,041 Hunter Renfrow
41%
WR (2024) 1,050 Jakobi Meyers
41%
RB (2017) 1,042 Marshawn Lynch
37%
WR (1976) 1,123 Cliff Branch
33%
WR (1974) 1,092 Cliff Branch
33%
RB (2015) 1,298 Latavius Murray
33%
RB (2016) 1,052 Latavius Murray
33%
WR (2005) 1,005 Randy Moss
33%
FB (1977) 1,408 Mark van Eeghen
30%
FB (1978) 1,371 Mark van Eeghen
30%
FB (1979) 1,292 Mark van Eeghen
30%
FB (1976) 1,185 Mark van Eeghen
30%
FB (1980) 1,097 Mark van Eeghen
30%
WR/FL (1968) 1,037 Fred Biletnikoff
26%
RB (1997) 1,697 Napoleon Kaufman
26%
RB (1998) 1,112 Napoleon Kaufman
26%
RB (1996) 1,017 Napoleon Kaufman
26%
TE (1983) 1,247 Todd Christensen
26%
TE (1986) 1,153 Todd Christensen
26%
TE (1984) 1,007 Todd Christensen
26%
RB (2002) 1,903 Charlie Garner
22%
RB (2001) 1,417 Charlie Garner
22%
RB (1995) 1,489 Harvey Williams
19%
RB (1994) 1,374 Harvey Williams
19%
RB (2005) 1,588 LaMont Jordan
19%
RB (1972) 1,039 Charlie Smith
11%
RB (2007) 1,197 Justin Fargas
11%
RB (2011) 1,395 Michael Bush
11%
RB (2000) 1,202 Tyrone Wheatley
11%
RB (1999) 1,132 Tyrone Wheatley
11%
HB (1963) 1,784 Clem Daniels
7%
HB (1964) 1,520 Clem Daniels
7%
HB/FB (1966) 1,453 Clem Daniels
7%
HB (1965) 1,452 Clem Daniels
7%
HB (1962) 1,084 Clem Daniels
7%
RB (1981) 1,044 Kenny King
7%
WR (1989) 1,085 Mervyn Fernandez
7%
FB (1960) 1,044 Billy Lott
4%
RB (2013) 1,025 Rashad Jennings
4%
WR/LE (1964) 1,361 Art Powell
0%
WR/LE (1963) 1,304 Art Powell
0%
WR/LE (1966) 1,026 Art Powell
0%
FB (1968) 1,225 Hewritt Dixon
0%
FB (1967) 1,122 Hewritt Dixon
0%
FB (1970) 1,068 Hewritt Dixon
0%
FB (1972) 1,203 Marv Hubbard
0%
FB (1971) 1,034 Marv Hubbard
0%
FB (1973) 1,019 Marv Hubbard
0%
HB (1960) 1,001 Tony Teresa
0%
WR (1969) 1,284 Warren Wells
0%
WR/LE (1968) 1,175 Warren Wells
0%
No matching quizzes found
Score Distribution
Percent of People with Each Score
Percentile by Number Answered
Your Score History
You have not taken this quiz